• 首页
  • 本馆介绍
  • 公告通知
  • 最新文献
  • 馆藏检索
  • 电子资源
  • 读者导购
  • 参考咨询
  • 我的图书馆
  • 登录
  • 详细信息显示
  • 放入我的书架
  • 预约/预借图书
  • 作者相关作品
  • 分类相关作品
  • 丛书相关作品
  • 出版社相关作品

书目信息

  • 表格格式
  • 工作单格式
  • 卡片格式
题名:
全球500强
    
 
作者: 蒋来兴 主编
分册:  
出版信息: 上海   上海人民出版社  1999
页数: 550页
开本: 20cm
丛书名:
单 册:
中图分类: F279.1
科图分类:
主题词: 跨国公司--企业管理--经验--世界
电子资源:
ISBN: 7-208-03220-3
000 00555nam0 2200193 45
001 0204291059
005 20031219104055.3
010    @a7-208-03220-3@dCNY32.00
100    @a20020429d1999 km y0chiy0120 ea
101 0  @achi
105    @ak z 000yy
200 1  @a全球500强@AQuan Qiu 500 Qiang@f蒋来兴主编@FJiang Lai Xing Zhu Bian
210    @a上海@c上海人民出版社@d1999
215    @a550页@d20cm
606 0  @a跨国公司@x企业管理@x经验@y世界
690    @aF279.1@v4
701  0 @a蒋来兴@4主编
801    @aCN@bTSTC@c20020429
905    @b309562-566@dF279.1@e109@f5
    
    全球500强/蒋来兴主编.-上海:上海人民出版社,1999
    550页;20cm
    
    
    ISBN 7-208-03220-3:CNY32.00
    
●
相关链接 在E读中查询图书 在五车中查询图书 在当当中查询图书 在豆瓣中查询图书


正题名:全球500强     索取号:F279.1/109         预约/预借

序号 登录号 条形码 馆藏地/架位号 状态 备注
1 0309562   203095621   第一借阅区/ [索取号:F279.1/109] 在馆    
2 0309563   203095630   第一借阅区/ [索取号:F279.1/109] 在馆    
3 0309564   203095649   第一借阅区/ [索取号:F279.1/109] 在馆    
4 0309565   203095658   第一借阅区/ [索取号:F279.1/109] 在馆    
5 0309566   203095667   第一借阅区/ [索取号:F279.1/109] 在馆    
唐山师范学院图书馆 欢迎您!
大连网信软件有限公司© 版权所有